[Event "Tradewise Gibraltar AmatWk1"]
[Site "Gibraltar"]
[Date "2018.01.23"]
[Round "2.20"]
[White "Mahbubani, Arun"]
[Black "Lopez Diaz, Rafael"]
[Result "0-1"]
[WhiteElo "1288"]
[BlackElo "1687"]
[PlyCount "73"]
[EventDate "2018.01.22"]
[EventType "swiss"]
[EventRounds "5"]
[EventCountry "GGB"]

1. e4 c5 2. Nf3 d6 3. d4 cxd4 4. Nxd4 a6 5. Nc3 Nf6 6. Be3 e5 7. Nf3 Be7 8. h3
O-O 9. Bc4 Qc7 10. Bb3 Nbd7 11. a3 Nc5 12. Ba2 Ncxe4 13. Nxe4 Nxe4 14. O-O Nf6
15. c4 Be6 16. Rc1 Rad8 17. Ng5 Bf5 18. Qb3 Nd7 19. Nxf7 Rxf7 20. c5 Bg6 21.
Qd5 Nf6 22. Qd1 d5 23. Qb3 Bf8 24. c6 b5 25. Bg5 Rd6 26. Rfe1 Ne4 27. Be3 d4
28. f3 Rxc6 29. Rxc6 Qxc6 30. fxe4 dxe3 31. Qxe3 Bc5 32. Bxf7+ Bxf7 33. Kh1
Bxe3 34. Rxe3 Qc1+ 35. Kh2 Qxe3 36. Kh1 Qxe4 37. Kh2 0-1

[Event "Tradewise Gibraltar AmatWk1"]
[Site "Gibraltar"]
[Date "2018.01.23"]
[Round "2.21"]
[White "Ajayi, Ayokanmi"]
[Black "Longdin, Michael"]
[Result "1-0"]
[WhiteElo "1537"]
[BlackElo "1787"]
[PlyCount "91"]
[EventDate "2018.01.22"]
[EventType "swiss"]
[EventRounds "5"]
[EventCountry "GGB"]

1. Nf3 f5 2. g3 Nf6 3. Bg2 e6 4. d3 Be7 5. Nc3 d6 6. e4 e5 7. h3 O-O 8. O-O Qe8
9. Nh4 f4 10. Nf5 Bxf5 11. exf5 c6 12. g4 Nfd7 13. Qe2 g6 14. Be4 d5 15. Nxd5
Na6 16. Nxe7+ Qxe7 17. fxg6 hxg6 18. Bxg6 Qg7 19. Qe4 Kh8 20. Bf5 Nac5 21. Qg2
Nf6 22. b3 Nd5 23. Ba3 b6 24. c4 Ne7 25. Bxc5 bxc5 26. Be4 Rac8 27. f3 Ng8 28.
Qf2 Qh6 29. Kg2 Nf6 30. Qxc5 Qh4 31. Qf2 Qxf2+ 32. Kxf2 c5 33. h4 Kg7 34. Rh1
Ne8 35. g5 Rh8 36. h5 Nd6 37. h6+ Kf8 38. g6 Nxe4+ 39. dxe4 Ke7 40. g7 Rh7 41.
Rag1 Kf7 42. Rg5 Re8 43. Rhh5 Kg8 44. Rg6 Kf7 45. Rc6 Rd8 46. Ke2 1-0

[Event "Tradewise Gibraltar AmatWk1"]
[Site "Gibraltar"]
[Date "2018.01.23"]
[Round "2.22"]
[White "Dhanwani, Aditya"]
[Black "Murray, J Stephen"]
[Result "0-1"]
[WhiteElo "1484"]
[BlackElo "1771"]
[PlyCount "132"]
[EventDate "2018.01.22"]
[EventType "swiss"]
[EventRounds "5"]
[EventCountry "GGB"]

1. d4 Nf6 2. Nf3 d5 3. Bg5 e6 4. Nbd2 Be7 5. Bxf6 Bxf6 6. c3 Nd7 7. e4 dxe4 8.
Nxe4 b6 9. Bb5 O-O 10. O-O Bb7 11. Qc2 Rc8 12. Bd3 g6 13. Qd2 Qe7 14. Qh6 Bg7
15. Qh3 Bxe4 16. Bxe4 c5 17. Rad1 Rfd8 18. Rfe1 Nf6 19. a3 Nxe4 20. Rxe4 cxd4
21. cxd4 Rd5 22. Rh4 h5 23. g3 Rc2 24. Rb1 Qc7 25. Qf1 Qc4 26. Qxc4 Rxc4 27.
Rd1 Rc2 28. Rd2 Rxd2 29. Nxd2 Bxd4 30. b3 Bxf2+ 31. Kxf2 Rxd2+ 32. Kg1 Ra2 33.
Ra4 a5 34. b4 axb4 35. Rxb4 Rxa3 36. Rxb6 Ra2 37. Rb8+ Kg7 38. Rb7 Kf6 39. Rb6
Kf5 40. Rb5+ e5 41. Rb7 f6 42. Rb5 Kg4 43. Rb4+ Kg5 44. Rb5 Re2 45. h3 f5 46.
Rb4 e4 47. Ra4 Rb2 48. Ra3 Rd2 49. Rb3 Rd3 50. Rb4 Rxg3+ 51. Kh2 Kh4 52. Kh1
Kxh3 53. Rxe4 Rd3 54. Re1 f4 55. Kg1 Kg3 56. Kf1 g5 57. Kg1 h4 58. Kf1 h3 59.
Kg1 f3 60. Kh1 g4 61. Kg1 f2+ 62. Kf1 fxe1=Q+ 63. Kxe1 h2 64. Ke2 Rf3 65. Kd2
h1=Q 66. Ke2 Qg2+ 0-1

[Event "Tradewise Gibraltar AmatWk1"]
[Site "Gibraltar"]
[Date "2018.01.23"]
[Round "2.23"]
[White "Hilton, Tim"]
[Black "Haddock, Paul"]
[Result "1-0"]
[WhiteElo "1868"]
[BlackElo "1580"]
[PlyCount "55"]
[EventDate "2018.01.22"]
[EventType "swiss"]
[EventRounds "5"]
[EventCountry "GGB"]

1. c4 Nf6 2. g3 d6 3. Bg2 g6 4. Nc3 Bg7 5. d3 O-O 6. Nf3 a5 7. O-O Na6 8. Rb1
Nc5 9. b3 Ng4 10. Bb2 f5 11. a3 e5 12. b4 axb4 13. axb4 Ne6 14. Qb3 Kh8 15. Ra1
Rxa1 16. Rxa1 f4 17. Ne4 fxg3 18. hxg3 Bd7 19. c5 dxc5 20. bxc5 Qc8 21. Bh3 h5
22. Bxg4 hxg4 23. Nxe5 Kh7 24. Kg2 Bc6 25. Rh1+ Bh6 26. Nxc6 bxc6 27. Qxe6 Qxe6
28. Ng5+ 1-0

[Event "Tradewise Gibraltar AmatWk1"]
[Site "Gibraltar"]
[Date "2018.01.23"]
[Round "2.24"]
[White "Davies, Cledwyn"]
[Black "Johansson, Daniel 1984"]
[Result "0-1"]
[WhiteElo "1536"]
[BlackElo "1832"]
[PlyCount "51"]
[EventDate "2018.01.22"]
[EventType "swiss"]
[EventRounds "5"]
[EventCountry "GGB"]

1. e4 e5 2. f4 d5 3. d4 exd4 4. Qxd4 dxe4 5. Qxe4+ Be7 6. Nf3 Nf6 7. Qd3 O-O 8.
Be2 Nc6 9. a3 Bg4 10. O-O Re8 11. Nc3 Bc5+ 12. Kh1 Bxf3 13. Bxf3 Nd4 14. Bxb7
Rb8 15. Bf3 Nxf3 16. Qxf3 Qd7 17. b4 Bd4 18. Bb2 Re3 19. Qd1 Bxc3 20. Qb1 Bxb2
21. Qxb2 Rbe8 22. h3 Rxh3+ 23. Kg1 Rhe3 24. Rad1 Qg4 25. Qd4 Re2 26. Rd2 0-1

[Event "Tradewise Gibraltar AmatWk1"]
[Site "Gibraltar"]
[Date "2018.01.23"]
[Round "2.25"]
[White "Jackson, Paul R"]
[Black "Guegan, Michel"]
[Result "1/2-1/2"]
[WhiteElo "1503"]
[BlackElo "1713"]
[PlyCount "42"]
[EventDate "2018.01.22"]
[EventType "swiss"]
[EventRounds "5"]
[EventCountry "GGB"]

1. d4 Nf6 2. Nf3 g6 3. c3 Bg7 4. Bg5 d5 5. e3 O-O 6. Bd3 Nbd7 7. Nbd2 c5 8. O-O
Re8 9. Bxf6 Bxf6 10. Re1 e5 11. dxe5 Nxe5 12. Nxe5 Bxe5 13. Nf3 Bg7 14. h3 Be6
15. Bb5 Rf8 16. Bd3 a6 17. e4 dxe4 18. Bxe4 Qc7 19. Ng5 Rfe8 20. Nxe6 Rxe6 21.
Bf3 Rae8 1/2-1/2

[Event "Tradewise Gibraltar AmatWk1"]
[Site "Gibraltar"]
[Date "2018.01.23"]
[Round "2.26"]
[White "Melgar Guerrero, Salvador"]
[Black "Kympergr, Vojtech"]
[Result "1-0"]
[WhiteElo "1713"]
[BlackElo "1468"]
[PlyCount "37"]
[EventDate "2018.01.22"]
[EventType "swiss"]
[EventRounds "5"]
[EventCountry "GGB"]

1. e4 d6 2. d4 Nf6 3. Nc3 g6 4. Nf3 Bg4 5. h3 Bxf3 6. Qxf3 Bg7 7. Be3 Nc6 8.
O-O-O O-O 9. g4 a6 10. h4 h5 11. gxh5 Nxh5 12. Be2 Kh7 13. Qg2 Bh6 14. Bxh6
Kxh6 15. Bxh5 gxh5 16. Qg5+ Kh7 17. Qxh5+ Kg7 18. Rhg1+ Kf6 19. Qh6# 1-0

[Event "Tradewise Gibraltar AmatWk1"]
[Site "Gibraltar"]
[Date "2018.01.23"]
[Round "2.27"]
[White "Lassan, Szabolcs"]
[Black "Ocana, Jeremy"]
[Result "0-1"]
[WhiteElo "1346"]
[BlackElo "1705"]
[PlyCount "72"]
[EventDate "2018.01.22"]
[EventType "swiss"]
[EventRounds "5"]
[EventCountry "GGB"]

1. d4 d6 2. c4 Nf6 3. Nc3 e5 4. dxe5 dxe5 5. Qxd8+ Kxd8 6. Bg5 c6 7. Nf3 Bd6 8.
O-O-O Ke7 9. Ne4 Bc7 10. Nc5 b6 11. Nd3 e4 12. Nde5 exf3 13. Nxf3 h6 14. Bh4
Bf5 15. e3 g5 16. Bg3 Bxg3 17. hxg3 Nbd7 18. Nd4 Bg6 19. Nxc6+ Kf8 20. f4 g4
21. Be2 Kg7 22. Rh4 h5 23. Bd3 Bxd3 24. Rxd3 Rac8 25. Ne5 Nxe5 26. fxe5 Rxc4+
27. Kd2 Ne4+ 28. Ke1 Rhc8 29. Rxh5 Nxg3 30. Rh4 Re4 31. Kd1 Nf5 32. Rh1 Nxe3+
33. Ke2 Nxg2+ 34. Kf1 Ne3+ 35. Kf2 Rc2+ 36. Kg1 Rg2# 0-1

[Event "Tradewise Gibraltar AmatWk1"]
[Site "Gibraltar"]
[Date "2018.01.23"]
[Round "2.29"]
[White "White, Gary"]
[Black "Apps, Ian"]
[Result "1-0"]
[WhiteElo "1663"]
[BlackElo "1332"]
[PlyCount "49"]
[EventDate "2018.01.22"]
[EventType "swiss"]
[EventRounds "5"]
[EventCountry "GGB"]

1. f4 Nf6 2. Nf3 d6 3. d3 g6 4. e4 e6 5. Be2 Bg7 6. O-O Nbd7 7. Nc3 a6 8. Qe1
b5 9. f5 O-O 10. Qh4 Nh5 11. fxg6 fxg6 12. Qxd8 Rxd8 13. Ng5 Nf8 14. Bxh5 gxh5
15. Nf7 Rd7 16. Nh6+ Bxh6 17. Bxh6 Bb7 18. Rf3 Ng6 19. Raf1 Rdd8 20. Rf7 Rac8
21. Rg7+ Kh8 22. Rff7 Nf8 23. Bg5 Re8 24. Bf6 Ng6 25. Rxg6# 1-0

[Event "Tradewise Gibraltar AmatWk1"]
[Site "Gibraltar"]
[Date "2018.01.23"]
[Round "2.30"]
[White "Kearsley, Raymond J"]
[Black "Popham, Sarah"]
[Result "1-0"]
[WhiteElo "1655"]
[BlackElo "1238"]
[PlyCount "113"]
[EventDate "2018.01.22"]
[EventType "swiss"]
[EventRounds "5"]
[EventCountry "GGB"]

1. e4 e5 2. Nf3 Nc6 3. c3 Nf6 4. d4 exd4 5. e5 Nd5 6. Qb3 Nde7 7. cxd4 Nf5 8.
Be3 Bb4+ 9. Nc3 d6 10. Bb5 Bxc3+ 11. Qxc3 Nfe7 12. d5 Bd7 13. dxc6 bxc6 14. Bc4
O-O 15. O-O Re8 16. Rfe1 Ng6 17. Bg5 Qc8 18. exd6 cxd6 19. Rxe8+ Qxe8 20. Re1
Qc8 21. Bd3 Bg4 22. Bxg6 fxg6 23. h3 Bxf3 24. Qxf3 Rb8 25. b3 Qa6 26. Re7 Rf8
27. Qc3 Rf7 28. Re8+ Rf8 29. Qe3 Qb7 30. Qe6+ Qf7 31. Rxf8+ Kxf8 32. Qxd6+ Kg8
33. Qd8+ Qf8 34. Qxf8+ Kxf8 35. Be3 a6 36. Bc5+ Kf7 37. Kf1 h5 38. Ke2 g5 39.
Kd3 g6 40. Ke4 Kf6 41. g4 Ke6 42. Be3 hxg4 43. hxg4 Kd6 44. Bxg5 Kc5 45. Be7+
Kb5 46. f4 c5 47. f5 gxf5+ 48. gxf5 c4 49. bxc4+ Kxc4 50. f6 a5 51. f7 a4 52.
f8=Q Kc3 53. Qb8 a3 54. Qb3+ Kd2 55. Bg5+ Ke2 56. Be3 Ke1 57. Qc2 1-0

[Event "Tradewise Gibraltar AmatWk1"]
[Site "Gibraltar"]
[Date "2018.01.23"]
[Round "2.31"]
[White "Savage, Neil"]
[Black "Dhanwani, Aryan"]
[Result "1-0"]
[WhiteElo "1630"]
[BlackElo "1083"]
[PlyCount "109"]
[EventDate "2018.01.22"]
[EventType "swiss"]
[EventRounds "5"]
[EventCountry "GGB"]

1. e4 e5 2. Nf3 Nc6 3. Bb5 Nf6 4. O-O Bc5 5. d3 d6 6. h3 O-O 7. c3 Ne7 8. Bg5
Ng6 9. d4 Bb6 10. Re1 h6 11. Bxf6 Qxf6 12. d5 a6 13. Ba4 Nh4 14. Nbd2 g5 15.
Qe2 g4 16. Nxh4 Qxh4 17. hxg4 Bxg4 18. Nf3 Qf6 19. Bd1 Bxf3 20. Qxf3 Qxf3 21.
Bxf3 f5 22. Kf1 f4 23. Ke2 Kg7 24. Bg4 Rh8 25. Rh1 Kg6 26. Rh5 Raf8 27. Rah1
Kg7 28. R1h4 Rf6 29. Bf5 Kf7 30. Rg4 Ba7 31. Be6+ Kf8 32. Bc8 Bb6 33. Bxb7 a5
34. b4 Rg8 35. Rxg8+ Kxg8 36. a4 Kg7 37. Rh1 Rf8 38. Rf1 Rg8 39. g3 fxg3 40.
fxg3 Rf8 41. Rxf8 Kxf8 42. Bc8 Kg7 43. Bf5 Kf6 44. Kd3 Kg5 45. g4 Kf4 46. Kc4
Ke3 47. Kb5 Ba7 48. Kxa5 Kd3 49. Ka6 Bb6 50. a5 Kxc3 51. axb6 cxb6 52. Kxb6
Kxb4 53. Kc6 Ka5 54. Kxd6 Kb6 55. Ke7 1-0

[Event "Tradewise Gibraltar AmatWk1"]
[Site "Gibraltar"]
[Date "2018.01.23"]
[Round "2.33"]
[White "Sagar, Siya"]
[Black "Oliva Parra, Ernesto"]
[Result "0-1"]
[WhiteElo "1199"]
[BlackElo "1560"]
[PlyCount "68"]
[EventDate "2018.01.22"]
[EventType "swiss"]
[EventRounds "5"]
[EventCountry "GGB"]

1. e4 e5 2. Nf3 Nc6 3. Bb5 Bc5 4. O-O Nge7 5. c3 a6 6. Bxc6 Nxc6 7. d4 exd4 8.
cxd4 Bb6 9. Nc3 h6 10. d5 Ne7 11. Re1 O-O 12. b3 d6 13. h3 Bd7 14. Bb2 Ng6 15.
Qd2 Qc8 16. Kh2 Re8 17. Rac1 Qd8 18. Rc2 Qe7 19. Kg1 Rac8 20. Rcc1 Ba7 21. Nd4
Ne5 22. Nce2 Qf6 23. Kf1 Bb5 24. f4 Bd7 25. Nf5 Bxf5 26. exf5 Qh4 27. Ng1 Nd3
28. Rxe8+ Rxe8 29. Rxc7 Nxf4 30. Rxb7 Re2 31. Qxe2 Nxe2 32. Kxe2 Qf2+ 33. Kd3
Qxf5+ 34. Kd2 Qxd5+ 0-1

[Event "Tradewise Gibraltar AmatWk1"]
[Site "Gibraltar"]
[Date "2018.01.24"]
[Round "3.1"]
[White "Galvan Cipriani, Viviana"]
[Black "Pena, Helio Adelino Silva"]
[Result "1-0"]
[WhiteElo "1826"]
[BlackElo "1894"]
[PlyCount "89"]
[EventDate "2018.01.22"]
[EventType "swiss"]
[EventRounds "5"]
[EventCountry "GGB"]

1. c4 Nf6 2. Nc3 g6 3. g3 Bg7 4. Bg2 O-O 5. e4 e5 6. Nge2 Nc6 7. O-O d6 8. d4
exd4 9. Nxd4 Ne5 10. b3 Nc6 11. Nxc6 bxc6 12. Bb2 Re8 13. Qd3 Bd7 14. Rad1 Qc8
15. Rfe1 Bh3 16. Bh1 Nd7 17. Qd2 Rb8 18. Ne2 Bxb2 19. Qxb2 Ne5 20. Qc3 f6 21.
Nf4 Bg4 22. f3 g5 23. Ne2 Bh5 24. Rd2 c5 25. f4 Nd7 26. Qd3 Bxe2 27. Rdxe2 Kg7
28. e5 fxe5 29. fxg5 e4 30. Rxe4 Ne5 31. Qf1 Qe6 32. Bg2 Re7 33. Qf4 Rf8 34.
Qd2 Ref7 35. Rf4 Qd7 36. Rf6 Qg4 37. Re4 Qc8 38. Rh4 Rxf6 39. gxf6+ Rxf6 40.
Qg5+ Rg6 41. Qe7+ Nf7 42. Be4 Qe6 43. Rxh7+ Kg8 44. Rxf7 Qxf7 45. Bd5 1-0

[Event "Tradewise Gibraltar AmatWk1"]
[Site "Gibraltar"]
[Date "2018.01.24"]
[Round "3.2"]
[White "Cherigui, Mourad"]
[Black "Stamenov, Valeriy"]
[Result "0-1"]
[WhiteElo "1892"]
[BlackElo "1803"]
[PlyCount "56"]
[EventDate "2018.01.22"]
[EventType "swiss"]
[EventRounds "5"]
[EventCountry "GGB"]

1. e4 e5 2. Nc3 Nf6 3. f4 d5 4. fxe5 Nxe4 5. Nf3 Be7 6. d3 Nxc3 7. bxc3 O-O 8.
d4 c5 9. Be2 f6 10. O-O Nc6 11. Qe1 fxe5 12. dxe5 Bf5 13. Bd3 c4 14. Bxf5 Rxf5
15. Rb1 b6 16. g4 Rf8 17. Kg2 Qd7 18. h3 Qe6 19. Nd4 Qg6 20. Nf5 Bc5 21. Qd1
Rad8 22. Qe2 Rde8 23. Nh4 Qe6 24. Rxf8+ Rxf8 25. Nf3 h5 26. Kg3 Nxe5 27. Bf4
Rxf4 28. Nxe5 Re4 0-1

[Event "Tradewise Gibraltar AmatWk1"]
[Site "Gibraltar"]
[Date "2018.01.24"]
[Round "3.3"]
[White "Garcia-Blazquez Perez, Manuel"]
[Black "Anjali, R. Sagar"]
[Result "1-0"]
[WhiteElo "1877"]
[BlackElo "1792"]
[PlyCount "43"]
[EventDate "2018.01.22"]
[EventType "swiss"]
[EventRounds "5"]
[EventCountry "GGB"]

1. e4 e5 2. Nf3 Nc6 3. Bb5 a6 4. Bxc6 dxc6 5. O-O f6 6. Nc3 Bd6 7. d4 exd4 8.
Qxd4 c5 9. Qc4 Ne7 10. a4 Nc6 11. Rd1 Qe7 12. Nd5 Qf7 13. Be3 b6 14. Nxb6 Bxh2+
15. Kxh2 cxb6 16. Qxf7+ Kxf7 17. Rd6 Nb4 18. Rc1 Bg4 19. c3 Na2 20. Ra1 Be6 21.
Rxb6 Bc4 22. b3 1-0

[Event "Tradewise Gibraltar AmatWk1"]
[Site "Gibraltar"]
[Date "2018.01.24"]
[Round "3.4"]
[White "Kuenitz, Klaus"]
[Black "Flynn, David"]
[Result "1/2-1/2"]
[WhiteElo "1767"]
[BlackElo "1876"]
[PlyCount "122"]
[EventDate "2018.01.22"]
[EventType "swiss"]
[EventRounds "5"]
[EventCountry "GGB"]

1. d4 Nf6 2. c4 g6 3. Nf3 Bg7 4. Nc3 d5 5. Bf4 O-O 6. e3 c5 7. dxc5 Qa5 8. Rc1
dxc4 9. Bxc4 Qxc5 10. Bb3 Qa5 11. O-O Nc6 12. h3 Bf5 13. Qe2 Ne4 14. Nxe4 Bxe4
15. Ng5 Bd5 16. Bxd5 Qxd5 17. b3 Rad8 18. Rfd1 Qf5 19. Rxd8 Rxd8 20. Rd1 Rd5
21. Nf3 Qd7 22. Rxd5 Qxd5 23. Qc2 f5 24. Ng5 e5 25. Bg3 e4 26. h4 h6 27. Nh3
Kh7 28. Nf4 Qa5 29. Ne6 Qc3 30. Qxc3 Bxc3 31. Kf1 Nb4 32. a3 Nd3 33. Bd6 Nc1
34. b4 Nd3 35. b5 Be5 36. Bxe5 Nxe5 37. Nd8 Nc4 38. a4 Nd6 39. Ke2 Kg7 40. Ne6+
Kf6 41. Nf4 g5 42. hxg5+ hxg5 43. Nd5+ Ke6 44. Nb4 Nc4 45. Nc2 Kd5 46. f3 Nb2
47. a5 Nc4 48. a6 bxa6 49. bxa6 Kc5 50. Nd4 Nd6 51. Ne6+ Kb6 52. Nxg5 exf3+ 53.
Kxf3 Kxa6 54. e4 fxe4+ 55. Nxe4 Nxe4 56. Kxe4 Kb5 57. g4 a5 58. Kd3 Kc5 59. g5
Kd6 60. g6 Ke7 61. Kc4 Kf6 1/2-1/2

[Event "Tradewise Gibraltar AmatWk1"]
[Site "Gibraltar"]
[Date "2018.01.24"]
[Round "3.5"]
[White "Gonzalez Pabollet, Jesus Maria S"]
[Black "Ashwani, Kumar Grover"]
[Result "0-1"]
[WhiteElo "1852"]
[BlackElo "1752"]
[PlyCount "76"]
[EventDate "2018.01.22"]
[EventType "swiss"]
[EventRounds "5"]
[EventCountry "GGB"]

1. e4 d5 2. exd5 Nf6 3. d4 Nxd5 4. c4 Nb6 5. Nc3 g6 6. Be3 Bg7 7. Nf3 O-O 8.
Be2 Nc6 9. Rc1 e5 10. d5 Ne7 11. O-O f5 12. b4 e4 13. Ng5 h6 14. Ne6 Bxe6 15.
dxe6 Qe8 16. Qb3 c6 17. Rfd1 Rf6 18. Rd6 Nec8 19. c5 Nxd6 20. cxd6 Kh7 21. Bxb6
axb6 22. Bc4 b5 23. d7 Qe7 24. Nxb5 cxb5 25. Bd5 Rd8 26. Rc8 b6 27. Rc6 Rb8 28.
a3 Rff8 29. Qe3 Bb2 30. Rc2 Bf6 31. Rc6 Bg5 32. Qe2 Qf6 33. g3 Qa1+ 34. Kg2
Qxa3 35. Qxb5 Be7 36. Rxb6 Rxb6 37. Qxb6 Qf3+ 38. Kh3 g5 0-1

[Event "Tradewise Gibraltar AmatWk1"]
[Site "Gibraltar"]
[Date "2018.01.24"]
[Round "3.6"]
[White "Klementys, Jerzy"]
[Black "Georgieva, Emilia"]
[Result "1/2-1/2"]
[WhiteElo "1739"]
[BlackElo "1848"]
[PlyCount "68"]
[EventDate "2018.01.22"]
[EventType "swiss"]
[EventRounds "5"]
[EventCountry "GGB"]

1. d4 d5 2. c4 c6 3. Nc3 Nf6 4. Nf3 e6 5. Bg5 Be7 6. e3 Nbd7 7. Bd3 b6 8. O-O
Bb7 9. Rc1 h6 10. Bh4 Qb8 11. cxd5 exd5 12. Re1 O-O 13. e4 dxe4 14. Nxe4 Qd8
15. Ne5 Nxe5 16. dxe5 Nxe4 17. Bxe7 Qxe7 18. Bxe4 c5 19. Bxb7 Qxb7 20. e6 fxe6
21. Rxe6 Qf7 22. Qe2 Rae8 23. Re1 Rxe6 24. Qxe6 Qxe6 25. Rxe6 Rd8 26. Kf1 Kf7
27. Re3 Rd2 28. Re2 Rd4 29. Ke1 Kf6 30. Re3 Rb4 31. b3 Rd4 32. Rf3+ Ke6 33.
Re3+ Kf6 34. Ke2 Rd7 1/2-1/2

[Event "Tradewise Gibraltar AmatWk1"]
[Site "Gibraltar"]
[Date "2018.01.24"]
[Round "3.7"]
[White "Opasiak, Dustin Tennessee"]
[Black "Cemborain Oricain, Alfonso"]
[Result "0-1"]
[WhiteElo "1797"]
[BlackElo "1886"]
[PlyCount "52"]
[EventDate "2018.01.22"]
[EventType "swiss"]
[EventRounds "5"]
[EventCountry "GGB"]

1. e4 Nf6 2. Nc3 e5 3. Nf3 Nc6 4. Bc4 Nxe4 5. Bxf7+ Kxf7 6. Nxe4 d5 7. Ng3 Be7
8. d3 Rf8 9. Qe2 Kg8 10. h3 Qd6 11. O-O h6 12. Re1 Qf6 13. Nh5 Qf5 14. Ng3 Qf7
15. Be3 Bd6 16. Nh2 Bd7 17. Qf3 Qxf3 18. Nxf3 Bxh3 19. gxh3 Rxf3 20. Re2 Raf8
21. Kg2 Ne7 22. Rg1 Ng6 23. Kf1 Kh7 24. h4 Nxh4 25. Nh5 R8f7 26. Ke1 R3f5 0-1

[Event "Tradewise Gibraltar AmatWk1"]
[Site "Gibraltar"]
[Date "2018.01.24"]
[Round "3.8"]
[White "Murray, J Stephen"]
[Black "Atakay, Mustafa"]
[Result "0-1"]
[WhiteElo "1771"]
[BlackElo "1874"]
[PlyCount "84"]
[EventDate "2018.01.22"]
[EventType "swiss"]
[EventRounds "5"]
[EventCountry "GGB"]

1. e4 c6 2. d4 d5 3. exd5 cxd5 4. Bd3 Nc6 5. c3 Qc7 6. Nf3 Bg4 7. h3 Bh5 8. Bg5
e6 9. Nbd2 Be7 10. Bxe7 Ngxe7 11. Qc2 a6 12. O-O Bg6 13. Rfe1 O-O 14. Rac1 Rfc8
15. Qb1 Qf4 16. Re2 Nf5 17. Rce1 b5 18. a3 a5 19. Qd1 Nfxd4 20. Nxd4 Nxd4 21.
cxd4 Bxd3 22. Re3 Bc2 23. Qe2 Qxd4 24. Nf3 Qxb2 25. Ne5 Ra7 26. Nxf7 Rxf7 27.
Rxe6 Qxa3 28. Qxb5 Rcf8 29. Re8 Qb3 30. Qxa5 d4 31. Qd8 Rxf2 32. Qxd4 Rf1+ 33.
Kh2 Rxe1 34. Rxf8+ Kxf8 35. Qf2+ Qf7 36. Qxe1 Qf4+ 37. Kh1 Be4 38. Qb4+ Kf7 39.
Qc4+ Kf6 40. Qd4+ Kg6 41. Qb6+ Qf6 42. Qd4 Qf1+ 0-1

[Event "Tradewise Gibraltar AmatWk1"]
[Site "Gibraltar"]
[Date "2018.01.24"]
[Round "3.9"]
[White "Lochte, Szilvia"]
[Black "Naldrett, Geoffrey"]
[Result "1-0"]
[WhiteElo "1862"]
[BlackElo "1547"]
[PlyCount "63"]
[EventDate "2018.01.22"]
[EventType "swiss"]
[EventRounds "5"]
[EventCountry "GGB"]

1. d4 Nf6 2. Bf4 d5 3. e3 Bf5 4. Bd3 Bxd3 5. Qxd3 c6 6. Nf3 e6 7. Nbd2 Bd6 8.
Ne5 Qc7 9. Qe2 O-O 10. Bg3 Nbd7 11. f4 g6 12. O-O Rae8 13. Bh4 Kg7 14. Qf3 Be7
15. Qh3 Ng8 16. Bg3 f5 17. c4 Ngf6 18. Bh4 Ne4 19. Nxe4 dxe4 20. Bxe7 Rxe7 21.
Nxd7 Rxd7 22. b4 b6 23. c5 bxc5 24. bxc5 Rb8 25. Qh4 Rb2 26. Qe1 Qb8 27. Qc3
Rdb7 28. d5+ Kf7 29. dxc6 R7b4 30. Rad1 Qf8 31. Rd7+ Kg8 32. c7 1-0

[Event "Tradewise Gibraltar AmatWk1"]
[Site "Gibraltar"]
[Date "2018.01.24"]
[Round "3.10"]
[White "Ajayi, Ayokanmi"]
[Black "Webel, Peter"]
[Result "1/2-1/2"]
[WhiteElo "1537"]
[BlackElo "1853"]
[PlyCount "59"]
[EventDate "2018.01.22"]
[EventType "swiss"]
[EventRounds "5"]
[EventCountry "GGB"]

1. Nf3 c5 2. g3 g6 3. Bg2 Bg7 4. d3 Nc6 5. Nbd2 d6 6. h3 e5 7. e4 Nge7 8. c3
O-O 9. O-O Be6 10. Qe2 h6 11. Kh2 Kh7 12. Ng1 g5 13. Nc4 Ng6 14. Ne3 Nce7 15.
Nd5 Qd7 16. Qh5 f6 17. f4 Bf7 18. Qe2 Nxd5 19. exd5 Ne7 20. c4 Bg6 21. Nf3 Rae8
22. Qc2 exf4 23. gxf4 Nf5 24. Qf2 Re7 25. Bd2 Rfe8 26. Rae1 Rxe1 27. Rxe1 Re7
28. Rxe7 Qxe7 29. b3 Bh8 30. Bf1 1/2-1/2

[Event "Tradewise Gibraltar AmatWk1"]
[Site "Gibraltar"]
[Date "2018.01.24"]
[Round "3.13"]
[White "Spanton, Tim R"]
[Black "Melgar Guerrero, Salvador"]
[Result "1-0"]
[WhiteElo "1888"]
[BlackElo "1713"]
[PlyCount "81"]
[EventDate "2018.01.22"]
[EventType "swiss"]
[EventRounds "5"]
[EventCountry "GGB"]

1. c4 Nf6 2. Nc3 d5 3. cxd5 Nxd5 4. e4 Nxc3 5. bxc3 e5 6. Nf3 Bc5 7. Nxe5 Qf6
8. d4 Bd6 9. Nf3 Be7 10. e5 Qg6 11. Bd3 Qc6 12. Qb3 a6 13. d5 Qb6 14. Qc2 Bg4
15. Rb1 Qa7 16. Be3 Bc5 17. Bxc5 Qxc5 18. Rxb7 Bxf3 19. gxf3 Qxd5 20. Be4 Qxe5
21. O-O O-O 22. Bxh7+ Kh8 23. Qe4 Nd7 24. Bf5 Qxe4 25. fxe4 Nf6 26. f3 g6 27.
Bh3 Rfd8 28. Rxc7 Kg8 29. Rb1 Rd3 30. Rbb7 Re8 31. Bg2 Nh5 32. Bf1 Rd1 33. Kf2
Rd2+ 34. Ke1 Rxa2 35. Bc4 Rg2 36. Bxf7+ Kh8 37. Bxg6 Rxg6 38. Rh7+ Kg8 39. Rxh5
Rc6 40. Rg5+ Kh8 41. Rg3 1-0

[Event "Tradewise Gibraltar AmatWk1"]
[Site "Gibraltar"]
[Date "2018.01.24"]
[Round "3.14"]
[White "Marcos Herrero, Francisco"]
[Black "Ocana, Jeremy"]
[Result "1-0"]
[WhiteElo "1876"]
[BlackElo "1705"]
[PlyCount "39"]
[EventDate "2018.01.22"]
[EventType "swiss"]
[EventRounds "5"]
[EventCountry "GGB"]

1. Nf3 d6 2. c4 Nf6 3. g3 e5 4. d3 h6 5. Bg2 Be7 6. O-O c5 7. Nc3 O-O 8. a3 Nc6
9. Rb1 a5 10. Bd2 Rb8 11. Ne1 Bg4 12. Nc2 Nd4 13. Ne3 b5 14. Nxg4 Nxg4 15. e3
Nxh2 16. Kxh2 b4 17. exd4 bxc3 18. bxc3 exd4 19. cxd4 cxd4 20. Qa4 1-0

[Event "Tradewise Gibraltar AmatWk1"]
[Site "Gibraltar"]
[Date "2018.01.24"]
[Round "3.15"]
[White "Jimenez Ruiz, Jose Carlos"]
[Black "Volkov, Andreiy"]
[Result "1-0"]
[WhiteElo "1874"]
[BlackElo "1698"]
[PlyCount "79"]
[EventDate "2018.01.22"]
[EventType "swiss"]
[EventRounds "5"]
[EventCountry "GGB"]

1. d4 d5 2. c4 e6 3. Nc3 Nf6 4. Bg5 Be7 5. Nf3 h6 6. Bh4 O-O 7. e3 Nbd7 8. Rc1
dxc4 9. Bxc4 c5 10. O-O a6 11. Qe2 b5 12. Bd3 c4 13. Bb1 Bb7 14. e4 g6 15. Bg3
Rc8 16. a3 Re8 17. Rfd1 Qb6 18. Bf4 h5 19. Qd2 a5 20. e5 Nd5 21. Nxd5 Bxd5 22.
Ng5 Bxg5 23. Bxg5 Qc6 24. Rc3 Bxg2 25. Rg3 Be4 26. Qf4 Bxb1 27. Rxb1 b4 28. Bf6
Nxf6 29. exf6 Kh7 30. axb4 axb4 31. Rg5 Qc7 32. Qh4 Kh6 33. Re1 e5 34. Rexe5
Rxe5 35. Rxe5 c3 36. Qg5+ Kh7 37. Re7 Qc4 38. bxc3 bxc3 39. d5 c2 40. Rxf7+ 1-0

[Event "Tradewise Gibraltar AmatWk1"]
[Site "Gibraltar"]
[Date "2018.01.24"]
[Round "3.16"]
[White "Greco, Joseph"]
[Black "Hilton, Tim"]
[Result "1/2-1/2"]
[WhiteElo "1650"]
[BlackElo "1868"]
[PlyCount "91"]
[EventDate "2018.01.22"]
[EventType "swiss"]
[EventRounds "5"]
[EventCountry "GGB"]

1. Nf3 Nf6 2. g3 e6 3. Bg2 d5 4. d4 Be7 5. O-O O-O 6. c4 Nc6 7. b3 Ne4 8. Bb2
Bf6 9. e3 a5 10. Nfd2 Nxd2 11. Qxd2 a4 12. Bc3 axb3 13. axb3 Rxa1 14. Bxa1 Be7
15. Bc3 b6 16. Qa2 Bb7 17. Nd2 Qd7 18. Ra1 Nb4 19. Bxb4 Bxb4 20. Qc2 c5 21. Nf3
cxd4 22. Nxd4 Ba5 23. Rd1 Rc8 24. Qe2 Ba6 25. Rc1 Qe7 26. Bf1 Qb4 27. Qa2 dxc4
28. Qc2 b5 29. bxc4 bxc4 30. Nf3 Qb3 31. Ne5 f6 32. Nxc4 Qxc2 33. Rxc2 Bb4 34.
Bd3 Rd8 35. Be2 e5 36. Nb2 Bxe2 37. Rxe2 Kf7 38. Kg2 Ke6 39. e4 Rd4 40. Kf3 f5
41. exf5+ Kxf5 42. Re3 e4+ 43. Kg2 Bd2 44. Re2 Bc3 45. Rc2 Bb4 46. Rc4 1/2-1/2